| 000 | 00348nam a22001217a 4500 | ||
|---|---|---|---|
| 040 | _cHS | ||
| 082 | _a614 | ||
| 110 | _aU S ARMY MEDICAL DEPARTMENT CENTER AND SCHOOL FORT SAM HOUSTON | ||
| 245 | _aBasic food inspection procedures | ||
| 260 |
_aNA _bU S ARMY MEDICAL DEPARTMENT CENTER AND SCHOOL FORT SAM HOUSTON _cNA |
||
| 300 | _a65p. | ||
| 942 | _cEK | ||
| 999 |
_c8630 _d8630 |
||